Las jurisdicciones
Guardat en:
| Autors principals: | , |
|---|---|
| Format: | Llibre |
| Idioma: | espanyol italià |
| Publicat: |
Madrid
Actas
1996
|
| Col·lecció: | Instituciones de la España Moderna, 1
|
| Matèries: | |
| Etiquetes: |
Afegir etiqueta
Sense etiquetes, Sigues el primer a etiquetar aquest registre!
|
MARC
| LEADER | 00000nam a2200000 a 4500 | ||
|---|---|---|---|
| 001 | UCP3509 | ||
| 003 | CL-VaPUC | ||
| 008 | 990625e19960000SP |||||||||||||||||spa|d | ||
| 041 | 0 | 7 | |a spa |2 CL-VaPUC |
| 041 | 0 | 7 | |a ita |2 CL-VaPUC |
| 082 | 0 | 4 | |a 347.012 |b MAR |2 21 |
| 100 | |a Martínez Ruiz, Enrique |e autor |9 547756 | ||
| 700 | 0 | |a Pazzis Pi, Magdalena de |e author |9 547757 | |
| 245 | 1 | 4 | |a Las jurisdicciones |
| 300 | |a 385 p | ||
| 942 | |c BK | ||
| 945 | |d 19990625 00:00:00 |a vberengu | ||
| 260 | |a Madrid |b Actas |c 1996 | ||
| 650 | 0 | |a Monarquía |9 255259 | |
| 650 | 7 | |a REY |2 CL-VaPUC |9 440890 | |
| 650 | 0 | |a Jurisdicción |9 255090 | |
| 650 | 7 | |a REAL ACUERDO |2 CL-VaPUC |9 547758 | |
| 650 | 7 | |a JURISDICCION ECLESIASTICA |2 CL-VaPUC |9 547759 | |
| 650 | 7 | |a TRIBUNAL ECLESIASTICO |2 CL-VaPUC |9 478307 | |
| 650 | 0 | |a Inquisición (Iglesia Católica) |9 258578 | |
| 650 | 7 | |a JURISDICCION MILITAR |2 CL-VaPUC |9 408179 | |
| 650 | 7 | |a TRIBUNALES DE COMERCIO |2 CL-VaPUC |9 547760 | |
| 650 | 7 | |a JUEZ |2 CL-VaPUC |9 394346 | |
| 651 | 0 | |a España |9 254926 | |
| 651 | 0 | |a Italia |9 254949 | |
| 583 | |a last modification |c 19990625 00:00:00 |k Rodrigo Vera | ||
| 490 | 0 | |a Instituciones de la España Moderna, 1 | |
| 999 | |c 340016 |d 340014 | ||
| 952 | |0 0 |1 0 |4 0 |6 347_012000000000000_MAR_1996 |7 0 |8 DER_HIS |9 434321 |a BIBDER |b BIBDER |d 2019-11-22 |i 3489914 |o 347.012 MAR 1996 |p 3489914 |r 2023-01-25 |w 2019-11-22 |x Ubicación 4to Piso |y BK |z Estos recursos deben solicitarse con anticipación |k DER | ||